| 000 | 00626nam a22001937a 4500 | ||
|---|---|---|---|
| 999 |
_c16761 _d16761 |
||
| 003 | AR-CdUCM | ||
| 008 | 190506b ||||| |||| 00| 0 spa d | ||
| 040 |
_aMUNICIPALIDAD PROVINCIAL DEL CUSCO _cBIBLIOTECA MUNICIPAL DEL CUSCO |
||
| 082 |
_a373.5 / _bM34 |
||
| 100 |
_aMarkle, Susan Meyer _936408 |
||
| 245 |
_aInstrucción programada : _bAnálisis de cuadros buenos y malos / |
||
| 260 |
_aMéxico D.F : _bEdit. Limusa-Wiley, _c1971. |
||
| 300 |
_a379 paginas ; _c22 cm. |
||
| 650 |
_aPrograsación _936409 |
||
| 650 |
_aMetodología _92264 |
||
| 650 |
_aEducacion _9460 |
||
| 942 |
_2ddc _cLIBROS |
||
| 945 |
_arjall _d2019-05-06 |
||